Normal view MARC view

Entry Topical Term

Number of records used in: 1

001 - CONTROL NUMBER

  • control field: 16191

003 - CONTROL NUMBER IDENTIFIER

  • control field: OSt

005 - DATE AND TIME OF LATEST TRANSACTION

  • control field: 20220810121755.0

008 - FIXED-LENGTH DATA ELEMENTS

  • fixed length control field: 220810|| aca||aabn | a|a d

040 ## - CATALOGING SOURCE

  • Original cataloging agency: OSt
  • Transcribing agency: OSt

150 ## - HEADING--TOPICAL TERM

  • Topical term or geographic name entry element: Electrical engineering -- Mathematics

670 ## - SOURCE DATA FOUND

  • Source citation: Work cat.: (OSt): Gubner, John A 16190, Probability and random processes for electrical and computer engineers, 2006